| 000 | 00844nam a2200241Ia 4500 | ||
|---|---|---|---|
| 003 | OSt | ||
| 005 | 20220930193201.0 | ||
| 006 | a|||||r|||| 00| 0 | ||
| 007 | ta | ||
| 008 | 220926b |||||||| |||| 00| 0 eng d | ||
| 024 | _a11186 | ||
| 037 | _cDissertations | ||
| 040 |
_aCRL _cCRL _beng |
||
| 041 |
_2eng _aeng |
||
| 100 |
_aMohale B. V. _9154221 |
||
| 110 | _aUniversity of Delhi. Faculty of Education. Department of Education | ||
| 245 | 0 | _aStudy of problems of emotional and social maladjustment of adolescent boys in Higher Secndary Schools (Delhi) by personality traits inventory and sentence comletion test (as adopted in Hindi) | |
| 260 | _c1964 | ||
| 650 | _aEDUCATION | ||
| 700 | _aUniversity of Delhi. Faculty of Education. Department of Education | ||
| 942 |
_cDIS _2CC |
||
| 999 |
_c896172 _d896172 |
||